000 00782nam a2200253Ia 4500
003 OSt
005 20220928115241.0
006 a|||||r|||| 00| 0
007 ta
008 220927b |||||||| |||| 00| 0 eng d
024 _a131300
037 _bGift, 14/07/2016,
_cTextual
040 _aSDCL
_cSDCL
_beng
041 _2eng
_aeng
082 _aB2812&t262, P7
100 _aSinha Kalyan B.
_9439541
245 0 _aQuantum stochastic processes and noncommutative geometry
260 _aCambridge
_bCambridge University Press
_c2007
300 _ax;290p.
_ccm.
650 _aGift
_9391569
700 _a Goswami Debashish
_9443511
942 _hB2812&t262, P7
_cTEXL
_2CC
999 _c758651
_d758651